000 00404nam a2200157Ia 4500
008 240729s9999 xx 000 0 und d
022 _a2090-6455
245 0 _aCase Reports in Dentistry
260 _aUnited Kingdom
260 _bHindawi Limited
650 _a Dentistry
650 _aMedicine
856 _uhttps://doaj.org/toc/f1515454a1b247c8adc2a8d268ecc34a
942 _2ddc
942 _cDOAJEJ
999 _c71671
_d71671
945 _a1
_bMadushi Gamage
_c1
_dMadushi Gamage